Reagan remarkas to Council of Americas
Enregistré dans:
| Auteur principal: | |
|---|---|
| Format: | Texte |
| Publié: |
Washington:
s.e.
|
| Tags: |
Ajouter un tag
Pas de tags, Soyez le premier à ajouter un tag!
|
MARC
| LEADER | 00000 a a2200000 04500 | ||
|---|---|---|---|
| 001 | 22494 | ||
| 003 | |||
| 040 | |||
| 090 | |a 153800 | ||
| 100 | |a Reagan, Donald | ||
| 245 | |a Reagan remarkas to Council of Americas | ||
| 260 | |a Washington: |b s.e. | ||
| 300 | |a p. irreg. | ||
| 999 | |c 11410 |d 11410 | ||
